Biggest Cities in the Path of Totality - 2024 Eclipse - Statistics

General Stats
  • This quiz has been taken 67 times
  • The average score is 17 of 42
Answers on the Map
Answers color-coded by a green-red scale on the quiz's map according to % correct below.
 
Answer Stats
Population City % Correct
1,300,642 Dallas
94%
958,202 Austin
90%
887,642 Indianapolis
85%
202,591 Little Rock
82%
278,349 Buffalo
81%
924,663 Fort Worth
81%
3,675,219 Montreal
81%
383,793 Cleveland
79%
1,445,662 San Antonio
77%
274,975 Toledo
69%
211,328 Rochester
68%
148,620 Syracuse
61%
198,006 Akron
53%
140,640 Dayton
53%
140,545 Waco
52%
729,560 Hamilton
50%
393,469 Arlington
48%
284,948 Plano
48%
117,298 Evansville
39%
254,962 Irving
34%
501,441 Mazatlán
34%
153,708 Killeen
29%
127,943 Kingston
27%
244,026 Garland
26%
106,440 Tyler
26%
688,697 Durango
24%
151,157 Sherbrooke
24%
101,964 Carmel
23%
120,465 Round Rock
23%
196,160 McKinney
21%
101,966 Fishers
19%
202,075 Frisco
19%
197,279 Grand Prairie
18%
690,193 Torreón
16%
149,439 Mesquite
15%
140,370 St. Catharines
15%
160,255 Ciudad Acuña
13%
173,959 Piedras Negras
10%
372,750 Gómez Palacio
8%
237,169 Monclova
8%
104,413 Brantford
5%
163,313 Ciudad Lerdo
2%
No matching quizzes found
Score Distribution
Percent of People with Each Score
Percentile by Number Answered
Your Score History
You have not taken this quiz